Riconosci il Pokémon - Quiz n°83 - Statistics

Statistiche generali
  • Questo quiz è stato fatto 10 volte
  • Il punteggio medio è 9 su 10
Statistiche sulle risposte
Indizio Risposta % Corretto
Tipo Erba / Ghiaccio
100%
Stadio evoluzione Prima evoluzione
100%
Abilità Scendineve; Antisuono; Scindineve (Megaevoluzione)
100%
Peso 135,5 kg; 185,0 kg (Megaevoluzione)
90%
Altezza 2,2 m; 2,7 m (Megaevoluzione)
90%
Sesso 50% ♂, 50% ♀
90%
Tasso di cattura 60 (14.8%)
90%
Pokémon Abomasnow
90%
Tasso di allevamento Lento
90%
Generazione Quarta
90%
Nessun quiz corrispondente trovato
Distribuzione punteggi
Percentuale di utenti per punteggio
Percentile per numero di risposta
I tuoi punteggi nel tempo
Non hai fatto questo quiz